000 00475 a2200193 4500
005 20260401120312.0
008 260324b |||||||| |||| 00| 0 eng d
020 _a9789360749118
_cRs. 575.00
040 _aMAIN
082 _a664
_bS32F(9)
100 _aSrilakshmi, B
245 _aFood science
250 _a9th
260 _bNew Age International
_c2026
_aNew Delhi
300 _axvii, 534
650 _aFood Technology
650 _aHotel Management
942 _cBK
999 _c395624
_d395624